Mosaique. Methode de Francais 1 : Cahier d` exercices
Сохранить в:
| Главный автор: | |
|---|---|
| Формат: | |
| Язык: | Undetermined |
| Опубликовано: |
París, Francia
CLE International
1994
|
| Предметы: | |
| Метки: |
Добавить метку
Нет меток, Требуется 1-ая метка записи!
|
MARC
| LEADER | 00000nam a2200000Ia 4500 | ||
|---|---|---|---|
| 008 | 170316s9999 xx 000 0 und d | ||
| 090 | |a 415-F G-7.1m | ||
| 100 | |a Gomes, Rosalie; Job, Béatriz | ||
| 245 | |a Mosaique. Methode de Francais 1 : Cahier d` exercices | ||
| 260 | |a París, Francia | ||
| 260 | |b CLE International | ||
| 260 | |c 1994 | ||
| 300 | |a 144 páginas | ||
| 650 | |a GRAMÁTICA FRANCESA | ||
| 650 | |a EN IDIOMA FRANCÉS | ||
| 650 | |a EJERCICIOS | ||
| 999 | |c 19201 |d 19201 | ||
| 040 | |a cru BVZT | ||
| 942 | |c 15 D |h 415-F G-7.1m |2 z | ||
